[Event "FRA-ch U12 Girls"]
[Site "Saint Paul Trois Chateaux"]
[Date "2013.05.04"]
[Round "7"]
[White "Vigna, Liza"]
[Black "Marcenac, Delphine"]
[Result "1-0"]
[WhiteElo "1585"]
[BlackElo "1410"]
[PlyCount "69"]
[EventDate "2013.04.28"]
[EventType "swiss"]
[EventRounds "9"]
[EventCountry "FRA"]
[SourceTitle "CBM 154 Extra"]
[Source "ChessBase"]
[SourceDate "2013.06.25"]
[SourceVersion "2"]
[SourceVersionDate "2013.06.25"]
[SourceQuality "1"]

1. e4 e5 2. Nf3 Nc6 3. d4 exd4 4. Bc4 h6 5. Nxd4 Nxd4 6. Qxd4 Nf6 7. Nc3 d6 8. b3 b6 9. e5 dxe5 10. Bxf7+ Ke7 11. Ba3+ c5 12. Qxd8+ Kxd8 13. 0-0-0+ Nd7 14. Rhe1 Ke7 15. Bc4 Bb7 16. Bb5 Rd8 17. Rd2 g5 18. Red1 Bc8 19. Nd5+ Kf7 20. Nc7 Ke7 21. Rd6 Bg7 22. Re6+ Kf7 23. Bc4 Kf8 24. Rg6 Ke7 25. Rxg7+ Kf6 26. Rf7+ Kg6 27. Rd6+ Kh5 28. g4+ Kxg4 29. Be6+ Kh5 30. Bxd7 Bxd7 31. Rfxd7 Rxd7 32. Rxd7 Rf8 33. Bb2 Rxf2 34. Bxe5 Rf1+ 35. Kb2 1-0

[Event "FRA-chT U20 16 GP Basse 1011"]
[Site "France"]
[Date "2011.06.12"]
[Round "9"]
[White "Ea, Thibault"]
[Black "Marcenac, Delphine"]
[Result "1-0"]
[WhiteElo "1510"]
[BlackElo "1470"]
[PlyCount "143"]
[EventDate "2010.06.20"]
[EventType "team-tourn"]
[EventRounds "11"]
[EventCountry "FRA"]
[SourceTitle "EXT 2015"]
[Source "ChessBase"]
[SourceDate "2014.11.20"]
[SourceVersion "1"]
[SourceVersionDate "2014.11.20"]
[SourceQuality "1"]
[WhiteTeam "Potemkine (U20)"]
[BlackTeam "Hyeres (U20)"]
[WhiteTeamCountry "FRA"]
[BlackTeamCountry "FRA"]

1. e4 e5 2. Nf3 Nc6 3. Bc4 Nf6 4. d3 d5 5. exd5 Nxd5 6. Bd2 Be7 7. Nc3 Nxc3 8. Bxc3 Bg4 9. h3 Bxf3 10. Qxf3 Bf6 11. Qh5 Qd7 12. g4 g6 13. Qh6 Qe7 14. Qe3 0-0-0 15. Bd2 h6 16. 0-0-0 Bg5 17. Qf3 Bxd2+ 18. Rxd2 Rhf8 19. Bd5 Qd7 20. Bxc6 Qxc6 21. Qxc6 bxc6 22. Re2 Rde8 23. Rhe1 f6 24. f4 Kd7 25. fxe5 fxe5 26. Rxe5 Rxe5 27. Rxe5 Rf3 28. h4 Rg3 29. g5 hxg5 30. hxg5 Kd6 31. Ra5 Rg4 32. Kd2 c5 33. Ra6+ Ke5 34. Rxg6 Kf5 35. Rg7 Rxg5 36. Rxg5+ Kxg5 37. Kc3 Kf5 38. Kc4 Ke6 39. Kxc5 Kd7 40. Kb5 Kc8 41. Kc6 Kb8 42. b4 Kc8 43. a4 Kb8 44. b5 Kc8 45. a5 Kb8 46. a6 Kc8 47. c4 Kb8 48. d4 Kc8 49. c5 Kb8 50. b6 axb6 51. cxb6 cxb6 52. Kxb6 Ka8 53. d5 Kb8 54. d6 Kc8 55. Kc6 Kd8 56. a7 Ke8 57. a8R+ Kf7 58. d7 Ke6 59. Re8+ Kf5 60. Kd6 Kf4 61. Kd5 Kf5 62. Rf8+ Kg6 63. Ke6 Kg5 64. Rf1 Kg4 65. Ke5 Kg3 66. Rf7 Kg4 67. Rf8 Kg3 68. d8R Kg4 69. Rd1 Kg3 70. Rg1+ Kh2 71. Rg7 Kh3 72. Rh8# 1-0